书目信息 |
| 题名: |
投资核心资产
|
|
| 作者: | 王德伦 著 | |
| 分册: | ||
| 出版信息: | 北京 机械工业出版社 2024 |
|
| 页数: | 25,357页 | |
| 开本: | 23cm | |
| 丛书名: | CMP BOOKS | |
| 单 册: | ||
| 中图分类: | F830.91 | |
| 科图分类: | ||
| 主题词: | 股票投资--基本知识 | |
| 电子资源: | ||
| ISBN: | 978-7-111-74672-0 | |
| 000 | 00890nam0 2200277 450 | |
| 001 | 012934831 | |
| 005 | 20240522151836.0 | |
| 010 | @a978-7-111-74672-0@dCNY99.00 | |
| 100 | @a20240522d2024 em y0chiy0120 ea | |
| 101 | 0 | @achi |
| 102 | @aCN@b110000 | |
| 105 | @ay z 001yy | |
| 106 | @ar | |
| 200 | 1 | @a投资核心资产@9tou zi he xin zi chan@e在股市长牛中实现超额收益@e彩图版@f王德伦等著 |
| 210 | @a北京@c机械工业出版社@d2024 | |
| 215 | @a25,357页@d23cm | |
| 225 | @aCMP BOOKS | |
| 300 | @aCMP BOOKS | |
| 304 | @a著者还有:李美岑、张兆、张勋等 | |
| 330 | @a本书分为上下两篇,上篇是宏观视角,着重于理论和各板块都适用的共性分析;下篇是微观视角,着重于实践与各板块不同特质相结合的个性分析。 | |
| 586 | @a | |
| 606 | 0 | @a股票投资@x基本知识 |
| 690 | @aF830.91@v5 | |
| 701 | 0 | @a王德伦@9wang de lun@4著 |
| 801 | 0 | @aCN@c20240523 |
| 905 | @dF830.91@eW143-2@f1@sF830.91/W143-2@S@Z | |
| 投资核心资产:在股市长牛中实现超额收益:彩图版/王德伦等著.-北京:机械工业出版社,2024 |
| 25,357页;23cm.-(CMP BOOKS) |
| CMP BOOKS |
| ISBN 978-7-111-74672-0:CNY99.00 |
| 本书分为上下两篇,上篇是宏观视角,着重于理论和各板块都适用的共性分析;下篇是微观视角,着重于实践与各板块不同特质相结合的个性分析。 |
| ● |
| 相关链接 |
|
|
|
正题名:投资核心资产
索取号:F830.91/W143-2
 
预约/预借
| 序号 | 登录号 | 条形码 | 馆藏地/架位号 | 状态 | 备注 |
| 1 | 21618799 | 216187999 | 社科库409/409社科库 53排4列2层/ [索取号:F830.91/W143-2] | 在馆 |